Spirit of Enterprise <The> 1990 Rolex Awards

Na minha lista:
Detalhes bibliográficos
Formato: Livro
Idioma:inglês
Publicado em: Bern Buri 1990
Edição:1. ed.
Tags: Adicionar Tag
Sem tags, seja o primeiro a adicionar uma tag!

MARC

LEADER 00000nam a2200000 4500
001 c022199
005 20230120083707.0
041 0 |a eng 
044 |a CH 
245 1 0 |a Spirit of Enterprise  |b <The> 1990 Rolex Awards 
250 |a 1. ed. 
264 1 |a Bern  |b Buri  |c 1990 
300 |a 489 s.